Vzdelávacou politikou k sociálnej kvalite

Vzdelávacia politika z procesuálneho a cieľového aspektu. Vzdelávacia politika v transformačnom procese. Ciele vzdelávacej politiky. Sociálna kvalita ako východisko pre vzdelávaciu politiku. Sociálna kompetentnosť a politika vzdelávania. Profesijné kompetencie v procese spoločenských zmien.

Gespeichert in:
Bibliographische Detailangaben
1. Verfasser: Antalová, Mária, 1952-
Format: Buchkapitel
Sprache:Slowakisch
Schlagworte:
Tags: Tag hinzufügen
Keine Tags, Fügen Sie das erste Tag hinzu!

MARC

LEADER 00000nla a2200000 4500
001 0241199
005 20240502103313.7
041 0 |a slo 
044 |a SK 
245 1 0 |a Vzdelávacou politikou k sociálnej kvalite  |c Mária Antalová 
520 |a Vzdelávacia politika z procesuálneho a cieľového aspektu. Vzdelávacia politika v transformačnom procese. Ciele vzdelávacej politiky. Sociálna kvalita ako východisko pre vzdelávaciu politiku. Sociálna kompetentnosť a politika vzdelávania. Profesijné kompetencie v procese spoločenských zmien. 
610 2 0 |a politika vzdelávania 
610 2 0 |a Slovensko 
610 2 0 |a Európska únia 
610 2 0 |a politika sociálna 
610 2 0 |a kvalita vzdelávania 
100 1 |a Antalová, Mária, 1952-